La tecnología es la nueva prisión (Registro nro. 171590)
[ vista simple ]
| 000 -LEADER | |
|---|---|
| fixed length control field | 03659nam a22002657a 4500 |
| 007 - PHYSICAL DESCRIPTION FIXED FIELD--GENERAL INFORMATION | |
| fixed length control field | cr|||| |||| |
| 008 - FIXED-LENGTH DATA ELEMENTS--GENERAL INFORMATION | |
| fixed length control field | 220517s2021 es |||||s|||| 00||0 spa d |
| 020 ## - INTERNATIONAL STANDARD BOOK NUMBER | |
| International Standard Book Number | 978-84-124109-1-4 |
| 035 ## - | |
| -- | 35650 |
| 040 ## - CATALOGING SOURCE | |
| Original cataloging agency | vLex |
| 090 ## - | |
| -- | 13354 |
| -- | 13354 |
| 100 1# - MAIN ENTRY--PERSONAL NAME | |
| Personal name | Zackseski, Cristina |
| 245 12 - TITLE STATEMENT | |
| Title | La tecnología es la nueva prisión |
| Medium | [Recurso electrónico] : |
| Remainder of title | evaluación de riesgo en el uso de la monitorización electrónica / |
| Statement of responsibility, etc | Cristina Zackseski |
| 256 ## - | |
| -- | Servicio en línea |
| 260 ## - PUBLICATION, DISTRIBUTION, ETC. (IMPRINT) | |
| Place of publication, distribution, etc | Barcelona: |
| Name of publisher, distributor, etc | J.M. Bosch Editor, |
| Date of publication, distribution, etc | 2021 |
| 300 ## - PHYSICAL DESCRIPTION | |
| Extent | 1 recurso electrónico |
| 500 ## - GENERAL NOTE | |
| General note | Este trabajo trata sobre el uso de la tecnología como parte integrante de la política criminal. El título ya lo destaca, conteniendo precisamente el doble sentido que puede darse en esta integración. Estamos presos con la tecnología, al igual que seguimos atrapados en la idea de la prisión como una forma de control. La tecnología no nos hace soltar este viejo mecanismo, añadiendo a su funcionalidad un ropaje que lo actualiza y es capaz de dotarlo de una apariencia de objetividad, de cientificidad. La evaluación de riesgos que se realiza en el sistema penitenciario de Cataluña no es una novedad en términos teóricos, es la psicología cognitivo conductual combinada con el cálculo actuarial. Quizás la novedad es esta combinación, que en el auge del Positivismo correccionalista no fue posible implementar a gran escala. Sin embargo, hablar de riesgo, de cálculo de riesgo en el sistema penal es recuperar de alguna manera la peligrosidad, y entonces el problema aparece en la forma como es definida, quién define con qué influencias y con qué consecuencias el origen de este peligro, o cómo se dice: donde habita. Al estudiar el proceso de privatización del control social formal durante más de una década, con énfasis en las alianzas público-privadas en el sistema penitenciario, y la introducción de las tobilleras electrónicas como componente de este proceso, el caso catalán sorprende por varias razones: su organización, su estructura, los profesionales que la integran y, mejor aún, su progresiva reducción. En este libro se analiza cómo estos elementos van acompañados de la tecnología, buscando abordar los diferentes puntos de vista sobre esta combinación: el de administradores, directores, equipos técnicos, jueces, promotores, representantes de empresas tecnológicas y personas controladas. En el sistema penitenciario catalán, el algoritmo RisCanvi se utiliza para medir el riesgo de quienes ingresan al sistema, y también apoya las decisiones sobre el régimen del artículo 86.4, que es el que permite salidas monitoreadas con tobilleras electrónicas. El estudio de los criterios para el uso de tobilleras, sin embargo, permite ver mucho más que la tecnología, ya que revela y confirma aspectos importantes de las disputas en el campo del control, a partir de las cuales los operadores del Derecho están perdiendo espacio. Alguien dirá que esto es propio del caso catalán, pero a partir de él podemos entrenar nuestra mirada a procesos similares en otras realidades sociales. |
| 506 1# - RESTRICTIONS ON ACCESS NOTE | |
| Terms governing access | Disponible solo en los productos indicados |
| Authorized users | vLex Global |
| -- | vLex Global (Academic Edition, excluding Law Schools) |
| -- | vLex Global (U.S. Academic Edition, Law Schools) |
| -- | vLex Global (U.S. Academic Edition, excluding Law Schools) |
| -- | vLex Global (Academic Edition, Law Schools) |
| 650 04 - SUBJECT ADDED ENTRY--TOPICAL TERM | |
| Topical term or geographic name as entry element | Derecho Penal |
| Geographic subdivision | España |
| 650 04 - SUBJECT ADDED ENTRY--TOPICAL TERM | |
| Topical term or geographic name as entry element | Procedimiento Penal |
| Geographic subdivision | España |
| 740 0# - | |
| -- | vLex Libros (Servicio en línea) |
| 856 40 - LOCALIZACIÓN Y ACCESO ELECTRÓNICO | |
| Identificador Uniforme del Recurso (URI/URL) | https://app.vlex.com/#/sources/35650 |
| 942 ## - | |
| -- | RAA |
| 999 ## - | |
| -- | 171590 |
| -- | 171590 |
No hay ítems disponibles.